Modernization, gender role convergence and female crime: a further test

Saved in:  
Bibliographic Details
Authors: Hartnagel, T. F. (Author) ; Mizzanuddin, M. (Author)
Format: Print Article
Language:English
Published: 1986
In: International journal of comparative sociology
Year: 1986, Volume: 27, Issue: 1/2, Pages: 1-14
Check availability: HBZ Gateway
Keywords:

MARC

LEADER 00000caa a22000002c 4500
001 1631486535
003 DE-627
005 20220607125650.0
007 tu
008 130322s1986 xx ||||| 00| ||eng c
035 |a (DE-627)1631486535 
035 |a (DE-576)380292947 
035 |a (DE-599)BSZ380292947 
040 |a DE-627  |b ger  |c DE-627  |e rakwb 
041 |a eng 
100 1 |a Hartnagel, T. F.  |4 aut 
245 1 0 |a Modernization, gender role convergence and female crime  |b a further test  |c T.F. Hartnagel; M. Mizzanuddin 
264 1 |c 1986 
336 |a Text  |b txt  |2 rdacontent 
337 |a ohne Hilfsmittel zu benutzen  |b n  |2 rdamedia 
338 |a Band  |b nc  |2 rdacarrier 
700 1 |a Mizzanuddin, M.  |4 aut 
773 0 8 |i In  |t International journal of comparative sociology  |d Los Angeles, Calif. [u.a.] : Sage Publ., 1960  |g 27(1986), 1/2, Seite 1-14  |w (DE-627)129078697  |w (DE-600)3066-1  |w (DE-576)014411261  |x 0020-7152  |7 nnas 
773 1 8 |g volume:27  |g year:1986  |g number:1/2  |g pages:1-14 
951 |a AR 
ELC |b 1 
LOK |0 000 xxxxxcx a22 zn 4500 
LOK |0 001 3282324030 
LOK |0 003 DE-627 
LOK |0 004 1631486535 
LOK |0 005 20260223083526 
LOK |0 008 130322||||||||||||||||ger||||||| 
LOK |0 040   |a DE-21-110  |c DE-627  |d DE-21-110 
LOK |0 689   |a s  |a Frauenkriminalität 
LOK |0 852   |z Kein Bestand am IfK; Nachweis für KrimDok 
LOK |0 852   |a DE-21-110 
LOK |0 852 1  |m v  |9 00 
LOK |0 935   |a k110 
LOK |0 938   |k v 
LOK |0 939   |a 22-03-13  |b l01 
ORI |a WA-MARC-krimdoka001.raw